Представление документа в формате RUSMARC

ПолеНазваниеЗначение
  Тип записи a
  Библиографический уровень m
001 Контрольный номер b9e8335075314a389403a33c5c9e4a63
005 Дата корректировки 20140624133420.8
010 Индекс ISBN __
a ISBN 5-86629-075-8
200 Заглавие и сведения об ответственности 1_
a Заглавие Председателю профсоюзного комитета
e Сведения, относящиеся к заглавию рабочее пособие
f Первые сведения об ответственности [под.ред.С.А.Шалаева]
210 Выходные данные 1_
a Место издания М.
c Издательство Науч.центр профсоюзов
d Дата издания 2004
215 Физическое описание __
a Объем 171 с.
610 Ключевые слова 0_
a Ключевые слова профсоюзы
610 Ключевые слова 0_
a Ключевые слова профком
610 Ключевые слова 0_
a Ключевые слова профсоюзные органы
610 Ключевые слова 0_
a Ключевые слова заработная плата
610 Ключевые слова 0_
a Ключевые слова социальное страхование
686 Индексы других классификаций __
a Классификационный индекс 66.72(2)
2 Код системы rubbk
686 Индексы других классификаций __
a Классификационный индекс 67.627
2 Код системы rubbk
801 Источник записи _0
a Страна RU
b Организация РУК
c Дата составления 20050303
g Правила каталогизации PSBO
801 Источник записи _1
a Страна RU
b Организация РУК
c Дата составления 20050303
g Правила каталогизации PSBO
852 Данные о местонахождении __
i Авторский знак П 71
j Шифр хранения ББК 66.7
901 Тип документа __
t Тип документа m
938 Служебная информация __
a Название организации Головной вуз
b Имя БД BOOK
c Название АИБС АИБС ИРБИС